|
|
|
|
| LEADER |
00000nas a2200000 a 4500 |
| 001 |
ssj0008042 |
| 003 |
WaSeSS |
| 005 |
20200512172242.0 |
| 006 |
m d |
| 007 |
cr n |
| 008 |
830623c19359999nhubr p s 0 a0eng c |
| 010 |
|
|
|a 40008786
|z 40008736
|z sn 78004244
|
| 016 |
7 |
|
|a 9876783
|2 DNLM
|
| 022 |
|
|
|l 0044-0191
|y 0044-0191
|
| 032 |
|
|
|a 542950
|b USPS
|
| 035 |
|
|
|a (WaSeSS)ssj0008042
|
| 040 |
|
|
|a MUL
|b eng
|c MUL
|d COO
|d NSD
|d DLC
|d NST
|d AIP
|d NSD
|d AIP
|d DLC
|d NST
|d DLC
|d SYS
|d OCLCQ
|d NLM
|d HVL
|d CUS
|d U9S
|d OCLCQ
|d DLC
|d OCLCQ
|d OCLCF
|d JDP
|d OCLCO
|d OCLCQ
|d WaSeSS
|
| 042 |
|
|
|a nsdp
|a pcc
|
| 043 |
|
|
|a n-usn--
|
| 050 |
0 |
0 |
|a AP2
|b .Y25
|
| 082 |
0 |
4 |
|a 051
|
| 130 |
0 |
|
|a Yankee (Dublin, N.H.)
|
| 210 |
0 |
|
|a Yankee
|b (Dublin N.H.)
|
| 222 |
|
0 |
|a Yankee
|b (Dublin, N.H.)
|
| 245 |
1 |
0 |
|a Yankee
|h [electronic resource].
|
| 260 |
|
|
|a Dublin, N.H. :
|b Yankee,
|c 1935-
|
| 310 |
|
|
|a Bimonthly,
|b 2007-
|
| 321 |
|
|
|a Monthly,
|b 1935-2006
|
| 362 |
0 |
|
|a Vol. 1, no. 1 (Sept. 1935)-
|
| 500 |
|
|
|a Title from cover.
|
| 506 |
|
|
|a License restrictions may limit access.
|
| 515 |
|
|
|a Suspended Dec. 1942-July 1945.
|
| 588 |
|
|
|a Latest issue consulted: Vol. 71, no. 1 (Jan./Feb. 2007).
|
| 650 |
|
6 |
|a Intérêt public
|v Périodiques.
|
| 651 |
|
0 |
|a New England
|v Periodicals.
|
| 651 |
|
7 |
|a New England.
|2 fast
|0 (OCoLC)fst01241913
|
| 655 |
|
0 |
|a Electronic journals.
|
| 850 |
|
|
|a AAP
|a Az
|a CoFS
|a DGW
|a DLC
|a MH-BA
|a MMeT
|a P
|
| 853 |
0 |
3 |
|8 1
|a v.
|b (*)
|i (year)
|j (month)
|
| 853 |
0 |
0 |
|8 2
|a (year)
|b (month)
|
| 853 |
2 |
0 |
|8 3
|a v.
|b no.
|u 6
|u r
|i (year)
|j (month)
|w b
|x 01/02
|
| 856 |
4 |
0 |
|z Full text available from Research Library: 05/01/1998 to 07/31/2006
|u https://search.proquest.com/publication/192
|
| 863 |
4 |
0 |
|8 1.1
|a <1>-
|i <1935>-
|x provisional
|
| 863 |
4 |
0 |
|8 2.1
|a <1997>
|b <Sept.>-
|x provisional
|
| 863 |
4 |
1 |
|8 3.1
|a 71
|b 1
|i 2007
|j 01/02
|